000 00358 a2200157 4500
001 152906
040 _cEscola São Tomás de Aquino
100 _aOON, Ana
240 1 0 _aNão quero ... ter um irmão
_lpor
245 1 0 _aNão quero ... ter um irmão
300 _a27
362 0 _a2014
440 1 _aFTD
697 _a*LITERATURA INFANTIL
942 _cBK
999 _c152906
_d152906